How to Smell a Rat: The Five Signs of Financial Fraud (Record no. 770)

MARC details
005 - DATE AND TIME OF LATEST TRANSACTION
control field 20250317111048.0
020 ## - INTERNATIONAL STANDARD BOOK NUMBER
International Standard Book Number 978-0-470-52653-8
082 ## - DEWEY DECIMAL CLASSIFICATION NUMBER
Classification number 364.163 FIS
100 ## - MAIN ENTRY--PERSONAL NAME
Author name FISHER, K.
245 ## - TITLE STATEMENT
Title How to Smell a Rat: The Five Signs of Financial Fraud
260 ## - PUBLICATION, DISTRIBUTION, ETC.
Place of publication, distribution, etc. New Jersey,
Name of publisher, distributor, etc. John Wiley,
Date of publication, distribution, etc. 2009.
300 ## - PHYSICAL DESCRIPTION
Extent ix, 207p.: ill.; table.
Other physical details Bibliographical reference, index.
Dimensions 22cm.
856 ## - ELECTRONIC LOCATION AND ACCESS
Link text Access online book
Electronic name How to Smell a Rat
Path http://www.wiley.com/go/permissions
942 ## - ADDED ENTRY ELEMENTS (KOHA)
Source of classification or shelving scheme Dewey Decimal Classification
Koha item type Books
Holdings
Date last seen Total checkouts Full call number Barcode Cost, replacement price Price effective from Koha item type Lost status Source of classification or shelving scheme Damaged status Not for loan Withdrawn status Home library Current library Shelving location Date acquired Cost, normal purchase price
03/17/2025   364.163 FIS 0000003112 101700.00 03/17/2025 Books   Dewey Decimal Classification       College of Business Education Main Library College of Business Education Main Library General Collection 03/17/2025 33900.00